Guess the DFW City from the Picture - Statistics

General Stats
  • This quiz has been taken 6 times
  • The average score is 8 of 16
Answer Stats
Picture Answer % Correct
Arlington
100%
Dallas
75%
Frisco
75%
Irving
75%
Plano
75%
Denton
50%
Fort Worth
50%
Grand Prairie
50%
Lewisville
50%
Mesquite
50%
Addison
25%
Allen
25%
Cedar Hill
25%
Grapevine
25%
McKinney
25%
North Richland Hills
25%
No matching quizzes found
Score Distribution
Percent of People with Each Score
Percentile by Number Answered
Your Score History
You have not taken this quiz